Surgical recall / (Record no. 15)

000 -LEADER
fixed length control field 06094cam a2200469 i 4500
001 - CONTROL NUMBER
control field 1002211745
003 - CONTROL NUMBER IDENTIFIER
control field OCoLC
005 - DATE AND TIME OF LATEST TRANSACTION
control field 20210408054702.0
008 - FIXED-LENGTH DATA ELEMENTS--GENERAL INFORMATION
fixed length control field 170825s2018 pauac 001 0 eng c
010 ## - LIBRARY OF CONGRESS CONTROL NUMBER
LC control number 2017040695
015 ## - NATIONAL BIBLIOGRAPHY NUMBER
National bibliography number GBB8I6836
Source bnb
016 7# - NATIONAL BIBLIOGRAPHIC AGENCY CONTROL NUMBER
Record control number 019052352
Source Uk
020 ## - INTERNATIONAL STANDARD BOOK NUMBER
International Standard Book Number 9781496370815
Qualifying information paperback
020 ## - INTERNATIONAL STANDARD BOOK NUMBER
International Standard Book Number 1496370813
Qualifying information paperback
020 ## - INTERNATIONAL STANDARD BOOK NUMBER
Canceled/invalid ISBN 9781496371065
Qualifying information electronic book
020 ## - INTERNATIONAL STANDARD BOOK NUMBER
Canceled/invalid ISBN 1496371062
Qualifying information electronic book
035 ## - SYSTEM CONTROL NUMBER
System control number (OCoLC)1002211745
Canceled/invalid control number (OCoLC)1019629713
040 ## - CATALOGING SOURCE
Original cataloging agency DNLM/DLC
Language of cataloging eng
Description conventions rda
Transcribing agency DLC
Modifying agency OCLCQ
-- OCLCO
-- OCLCA
-- YDX
-- OCLCO
-- IAX
-- OCLCO
-- OHS
-- OCLCF
-- OCLCO
-- USU
-- OCLCO
-- U3W
-- OCLCO
-- MMU
-- OCLCO
-- MBU
-- DLC
-- ERL
-- UBC
-- AU@
-- OCLCO
-- UKMGB
-- OCLCO
-- YYE
042 ## - AUTHENTICATION CODE
Authentication code pcc
049 ## - LOCAL HOLDINGS (OCLC)
Holding library YYEA
080 ## - UNIVERSAL DECIMAL CLASSIFICATION NUMBER
Universal Decimal Classification number 617
Item number S-94
096 ## - LOCALLY ASSIGNED NLM-TYPE CALL NUMBER (OCLC)
Classification number WO 18.2 S9614 2018
245 00 - TITLE STATEMENT
Title Surgical recall /
Statement of responsibility, etc. Recall series editor and senior editor, Lorne H. Blackbourne.
250 ## - EDITION STATEMENT
Edition statement 8th ed.
260 ## - PUBLICATION, DISTRIBUTION, ETC.
Place of publication, distribution, etc. Philadelphia :
Name of publisher, distributor, etc. Wolters Kluwer,
Date of publication, distribution, etc. [2018]
300 ## - PHYSICAL DESCRIPTION
Extent xx, 566 p. :
Other physical details ill. (chiefly color), portrait ;
Dimensions 21 cm.
365 ## - TRADE PRICE
Price amount 25.75 usd
490 1# - SERIES STATEMENT
Series statement Recall series.
500 ## - GENERAL NOTE
General note Includes index.
500 ## - GENERAL NOTE
General note Pre- and post-book test: top 100 clinical microvignettes for the shelf exam -- Section I: Overview. Introduction -- Surgical syndromes -- Surgical most commons -- Surgical percentages -- Surgical instruments -- Sutures and stitches -- Surgical knot tying -- Procedures for the surgical ward and clinic -- Incisions -- Surgical positions -- Surgical speak -- Preoperative -- Surgical operations you should know -- Wounds -- Drains and tubes -- Surgical anatomy pearls -- Section II: Background surgical information. Fluids and electrolytes -- Blood and blood products -- Surgical hemostasis -- Common surgical medications -- Complications -- Common causes of ward emergencies -- Surgical respiratory care -- Surgical nutrition -- Shock -- Surgical infection -- Fever -- Surgical prophylaxis -- Surgical radiology -- Anesthesia -- Surgical ulcers -- Surgical oncology -- Section iii general surgery -- GI hormones and physiology -- Acute abdomen and referred pain -- Hernias -- Laparoscopy -- Trauma -- Burns -- Upper GI bleeding -- Stomach -- Bariatric surgery -- Ostomies -- Small intestine -- Appendix -- Carcinoid tumors -- Fistulas -- Colon and rectum -- Anus -- Lower GI bleeding -- Inflammatory bowel disease: Crohn's disease and ulcerative colitis -- Liver -- Portal hypertension -- Biliary tract -- Pancreas -- Breast -- Endocrine -- Thyroid gland -- Parathyroid -- Spleen and splenectomy -- Surgically correctable HTN -- Soft tissue sarcomas and lymphomas -- Skin lesions -- Melanoma -- Surgical intensive care -- Vascular surgery -- Section IV: Subspecialty surgery. Pediatric surgery -- Plastic surgery -- Hand surgery -- Otolaryngology: head and neck surgery -- Thoracic surgery -- Cardiovascular surgery -- Transplant surgery -- Orthopedic surgery -- Neurosurgery -- Urology.
505 0# - FORMATTED CONTENTS NOTE
Formatted contents note Machine generated contents note: SECTION I OVERVIEW -- 1.Introduction -- 2.Surgical Syndromes -- 3.Surgical Most Commons -- 4.Surgical Percentages -- 5.Surgical Instruments -- 6.Sutures and Stitches -- 7.Surgical Knot Tying -- 8.Procedures for the Surgical Ward and Clinic -- 9.Incisions -- 10.Surgical Positions -- 11.Surgical Speak -- 12.Preoperative 101 -- 13.Surgical Operations You Should Know -- 14.Wounds -- 15.Drains and Tubes -- 16.Surgical Anatomy Pearls -- SECTION II BACKGROUND SURGICAL INFORMATION -- 17.Fluids and Electrolytes -- 18.Blood and Blood Products -- 19.Surgical Hemostasis -- 20.Common Surgical Medications -- 21.Complications -- 22.Common Causes of Ward Emergencies -- 23.Surgical Respiratory Care -- 24.Surgical Nutrition -- 25.Shock -- 26.Surgical Infection -- 27.Fever -- 28.Surgical Prophylaxis -- 29.Surgical Radiology -- 30.Anesthesia -- 31.Surgical Ulcers -- 32.Surgical Oncology -- SECTION III GENERAL SURGERY -- 33.GI Hormones and Physiology.
505 0# - FORMATTED CONTENTS NOTE
Formatted contents note Note continued: 34.Acute Abdomen and Referred Pain -- 35.Hernias -- 36.Laparoscopy -- 37.Trauma -- 38.Burns -- 39.Upper GI Bleeding -- 40.Stomach -- 41.Bariatric Surgery -- 42.Ostomies -- 43.Small Intestine -- 44.Appendix -- 45.Carcinoid Tumors -- 46.Fistulas -- 47.Colon and Rectum -- 48.Anus -- 49.Lower GI Bleeding -- 50.Inflammatory Bowel Disease: Crohn's Disease and Ulcerative Colitis -- 51.Liver -- 52.Portal Hypertension -- 53.Biliary Tract -- 54.Pancreas -- 55.Breast -- 56.Endocrine -- 57.Thyroid Gland -- 58.Parathyroid -- 59.Spleen and Splenectomy -- 60.Surgically Correctable HTN -- 61.Soft Tissue Sarcomas and Lymphomas -- 62.Skin Lesions -- 63.Melanoma -- 64.Surgical Intensive Care -- 65.Vascular Surgery -- SECTION IV SUBSPECIALTY SURGERY -- 66.Pediatric Surgery -- 67.Plastic Surgery -- 68.Hand Surgery -- 69.Otolaryngology: Head and Neck Surgery -- 70.Thoracic Surgery -- 71.Cardiovascular Surgery -- 72.Transplant Surgery -- 73.Orthopedic Surgery.
505 0# - FORMATTED CONTENTS NOTE
Formatted contents note Note continued: 74.Neurosurgery -- 75.Urology.
520 ## - SUMMARY, ETC.
Summary, etc. "Written in a rapid-fire question-and-answer format, Surgical Recall is a best-selling, high-yield reference for clerkship students. Covering both general surgery and surgical subspecialties, this portable resource provides accurate, on-the-spot answers to the questions you're most likely to encounter during your rotations and on the shelf exam. The eighth edition--now in full color--distills the content even further to give you exactly what you need: survival tactics and tips for success, key information for those new to the surgical suite, and expanded opportunities for self-assessment in a variety of formats. Strategic two-column format provides chapter content in the form of questions on the left and answers on the right to facilitate quick, effective review"--Publisher's description.
650 12 - SUBJECT ADDED ENTRY--TOPICAL TERM
Topical term or geographic name entry element Surgical Procedures, Operative
Form subdivision Examination Questions.
650 10 - SUBJECT ADDED ENTRY--TOPICAL TERM
Topical term or geographic name entry element Surgery
9 (RLIN) 103
653 ## - INDEX TERM--UNCONTROLLED
Uncontrolled term ქირურგია
653 ## - INDEX TERM--UNCONTROLLED
Uncontrolled term ქირურგიული პროცედურები
700 1# - ADDED ENTRY--PERSONAL NAME
Personal name Blackbourne, Lorne H.
830 #0 - SERIES ADDED ENTRY--UNIFORM TITLE
Uniform title Recall series.
942 ## - ADDED ENTRY ELEMENTS (KOHA)
Source of classification or shelving scheme
Koha item type Books
Edition 8
Holdings
Withdrawn status Lost status Source of classification or shelving scheme Damaged status Not for loan Permanent location Current location Date acquired Inventory number Full call number Barcode Date last seen Price effective from Koha item type Total Checkouts
          Ken Walker International University Ken Walker International University 11/05/2020 23 617 S-94 23 11/05/2020 11/05/2020 Books  
          Ken Walker International University Ken Walker International University 11/24/2020 1052 617 S-94 1052 11/24/2020 11/24/2020 Books  

Powered by Koha